01162 2200337 4500001002100000005001500021035002000036007000300056008004100059020002200100040002200122082002200144084002400166090002200190100002600212245018000238250003200418300004600450650003700496700004300533700003300576700002300609850001200632504003000644264003200674336002100706337003000727338002300757999002200780990002200802INLIS00000000087205920220822022841 a0010-0822000664ta220822s2022 yoia g ind d a978-623-02-4525-1 aYOPDYOGbinderda04223a636.510959838 a636.510959838 ARI p aCB-D.11 2022-07350 aAri Wibowoepengarang10aPotensi investasi komoditas ayam ras petelur dalam mendukung kawasan ibu kota negara di Kalimantan Timur /cAri Wibowo, Taufan Purwokusumaning Daru, Dinar Anindyasari, Suhardi aCetakan pertama, April 2022 axiv, 92 halaman :btabel, gambar ;c23 cm 4aAyam petelur--zKalimantan Timur0 aTaufan Purwokusumaning Daruepengarang0 aDinar Anindyasariepengarang0 aSuhardiepengarang aYOPDYOG aBibliografi halaman 91-9231aSleman :bDeepublish,c2022 2rdacontentateks 2rdamediaatanpa perantara 2rdacarrieravolume aCB-D.11/2022-0735 aCB-D.11/2022-0735